000 00703nam a22002057a 4500
999 _c16772
_d16772
008 220330b ||||| |||| 00| 0 eng d
020 _a9781260597608
082 _22022
_aDC 658.311
_bJ891
100 _aJudge, Timothy A., author
_924677
245 _aStaffing organizations/
_cTimothy A. Judge, John D. Kammeyer-Mueller, authors
250 _aTenth edition
260 _aNew York:
_bMc Graw Hill,
_c©2022.
300 _aiii, 778 pages:
_bilustrations;
_c23 cm.
500 _aIncludes index.
650 _aEmployees -- Recruiting
_944847
650 _a Employee selection
_944848
650 _a Strategic planning
_944849
700 _aKammeyer-Mueller, John D.,
_eauthor
_944850
942 _2ddc
_cDC